L'Europa dei secoli XI e XII fra novità e tradizione : (Record n. 26132)

Dettagli MARC
000 -LEADER
fixed length control field 01367nam a2200277 i 4500
003 - CONTROL NUMBER IDENTIFIER
control field IT-RoINE
005 - DATE AND TIME OF LATEST TRANSACTION
control field 20200515100825.0
008 - FIXED-LENGTH DATA ELEMENTS--GENERAL INFORMATION
fixed length control field 080902s1989 it |r |101|||mul|d
020 ## - INTERNATIONAL STANDARD BOOK NUMBER
International Standard Book Number 8834303822
040 ## - CATALOGING SOURCE
Original cataloging agency UPSA
Modifying agency USA.FILO
-- IT-RoINE
Transcribing agency esslup IT-RoINE
041 0# - LANGUAGE CODE
Language code of text/sound track or separate title eng
-- fre
-- ita
110 2# - MAIN ENTRY--CORPORATE NAME
9 (RLIN) 51742
Corporate name or jurisdiction name as entry element Università cattolica del Sacro Cuore.
Subordinate unit Centro di studi medioevali.
-- Settimana internazionale di studio
Number of part/section/meeting (10ª.
Date of meeting or treaty signing 1986.
Location of meeting Passo della Mendola, Italia)
245 12 - TITLE STATEMENT
Title L'Europa dei secoli XI e XII fra novità e tradizione :
Remainder of title sviluppi di una cultura : atti della decima Settimana internazionale di studio, Mendola, 25-29 agosto 1986.
260 ## - PUBLICATION, DISTRIBUTION, ETC. (IMPRINT)
Place of publication, distribution, etc Milano :
Name of publisher, distributor, etc Vita e pensiero,
Date of publication, distribution, etc [1989]
300 ## - PHYSICAL DESCRIPTION
Extent XXXI, 421 p., [16] p. de lám. :
Other physical details il. bl. y n. ;
Dimensions 24 cm.
336 ## - CONTENT TYPE
Content type term Texto (visual)
Source rdacontent
337 ## - MEDIA TYPE
Source rdamedia
Media type term unmediated
338 ## - CARRIER TYPE
Source rdacarrier
Carrier type term volume
490 1# - SERIES STATEMENT
Series statement Pubblicazioni dell'Università cattolica del Sacro Cuore.
-- Miscellanea el Centro di studi medioevali ;
Volume number/sequential designation 12
500 ## - GENERAL NOTE
General note Incluye índices.
504 ## - BIBLIOGRAPHY, ETC. NOTE
Bibliography, etc Incluye referencias bibliográficas en notas.
546 ## - LANGUAGE NOTE
Language note Texto en francés, inglés e italiano.
651 #4 - SUBJECT ADDED ENTRY--GEOGRAPHIC NAME
Geographic name Europa
General subdivision Historia
Chronological subdivision Siglos 11o.-12o.
Form subdivision Congresos
9 (RLIN) 51743
830 #0 - SERIES ADDED ENTRY--UNIFORM TITLE
9 (RLIN) 51709
Uniform title Pubblicazioni dell'Università cattolica del Sacro Cuore.
Name of part/section of a work Miscellanea del Centro di studi medioevali
Volume number/sequential designation 12
942 ## - ADDED ENTRY ELEMENTS (KOHA)
Item type Monografías
Dati di copia
Withdrawn status Lost status Damaged status Not for loan Home library Current library Date acquired Total Checkouts Full call number Barcode Date last seen Price effective from Koha item type
        Iglesia Nacional Española en Roma Iglesia Nacional Española en Roma 17/07/2018   HIS.ECL 233 51740 17/07/2018 17/07/2018 Monografías